Normal view
MARC view
- ARBOLES -
Entry Materia
001 - NÚMERO DE CONTROL DEL REGISTRO
- campo de control: 7097
003 - IDENTIFICADOR DE NUMERO DE CONTROL
- campo de control: UPN
005 - FECHA Y HORA DE LA ÚLTIMA TRANSACCIÓN
- campo de control: 20210219193710.0
008 - DATOS DE LONGITUD FIJA
- campo de control de longitud fija: a|ac|n|aab||||||||||||a |n|||||||
035 ## - NÚMERO DE CONTROL DEL SISTEMA
- Número de control del sistema: UPN10000007100
040 ## - FUENTE DE LA CATALOGACIÓN
- Lengua de catalogación: SPA
- Agencia de transcripción: UPN
150 ## - ENCABEZAMIENTO - TEMÁTICO
- Término de materia o nombre geográfico como elemento inicial: ARBOLES -
- Subdivisión de materia general: CULTIVO Y REPRODUCCION
670 ## - FUENTE EN LA QUE SE LOCALIZARON DATOS
- Cita de la fuente: E
902 ## - CATALOGADOR
- Catalogador: CAA/240504
